Social - democracia y clases sociales

Shranjeno v:
Bibliografske podrobnosti
Glavni avtor: Ungo, Guillermo Manuel
Format: Texto
Izdano: Heredia: CEDAL
Oznake: Označite
Brez oznak, prvi označite!

MARC

LEADER 00000 a a2200000 04500
001 17988
003
040
090 |a 006600  
100 |a Ungo, Guillermo Manuel  
245 |a Social - democracia y clases sociales  
260 |a Heredia:   |b CEDAL  
300 |a 18 p.  
999 |c 12671  |d 12671